Forderung privater direktinvestitionen : Untersuchung der Massnahmen bedeutender Industrieländer

Sparad:
Bibliografiska uppgifter
Huvudupphovsman: Scharrer, Has- Eckart
Materialtyp: Bok
Språk:Undetermined
Publicerad: Hamburg Verlag Weltarchiv GMBH 1972
Ämnen:
Taggar: Lägg till en tagg
Inga taggar, Lägg till första taggen!
Thư viện lưu trữ: Trung tâm Học liệu Trường Đại học Cần Thơ
LEADER 00584nam a2200193Ia 4500
001 CTU_82374
008 210402s9999 xx 000 0 und d
082 |a 332.6 
082 |b S311 
100 |a Scharrer, Has- Eckart 
245 0 |a Forderung privater direktinvestitionen : 
245 0 |b Untersuchung der Massnahmen bedeutender Industrieländer 
245 0 |c Has- Eckart Scharrer 
260 |a Hamburg 
260 |b Verlag Weltarchiv GMBH 
260 |c 1972 
650 |a Investments, foreign 
904 |i Trọng Hải 
980 |a Trung tâm Học liệu Trường Đại học Cần Thơ